000 00748nam0a22002411 4500
001 rc\2663786
005 20250529194038.0
035 _a(NLR Aleph) 006970461
090 _a5435209
_c5435209
100 _a20110617d1932 |||y0rusy50 ca
101 0 _arus
102 _aRU
105 _aa z |||||
200 1 _aПростейшая переработка льна
_fН.Д. Селенкин
210 _aИжевск
_cУДГИЗ
_d1932
_gтип. Удмурт. гос. изд.-ва
215 _aОбл., 60 с.
_cил.
_d17×13 см
300 _aНа обл.: агр. Н.А. Селенкин
700 1 _aСеленкин
_bН.Д.
801 0 _aRU
_bNLR
_gpsbo
801 1 _aRU
_bELAR
_2rusmarc
852 _aNLR
_j33-9/318
942 _cBOOK
980 _aNB